Just 3 Words: Movies Quiz Stats

 Plays Quiz Updated Aug 6, 2014

Support Sporcle.
Go Orange.
Score 0/30 Timer 05:00
0 Plays Today
3 Words Movie % Correct
Teenager. DeLorean. 1955.Back to the Future
91.7%
Murder. Shower. Mother.Psycho
88.8%
Austria. Singing. Family.The Sound of Music
88%
Dogs. Kiss. Spaghetti.Lady and the Tramp
87.1%
Alien. Phone. Home.E.T. the Extra-Terrestrial
86.7%
Ears. Elephant. Fly.Dumbo
86.4%
Gangs. Musical. Love.West Side Story
86.3%
Kansas. Ruby. Slippers.The Wizard of Oz
83.3%
Archaeologist. Whip. Covenant.Raiders of the Lost Ark
83.1%
Clownfish. Lost. Aquarium.Finding Nemo
82.7%
Giant. Ape. Love.King Kong
77.6%
Sees. Dead. People.The Sixth Sense
77.2%
Prison. Poster. Library.The Shawshank Redemption
77.1%
Head. Spin. Possessed.The Exorcist
69.7%
Hacker. Chosen. Unplug.The Matrix
58.6%
3 Words Movie % Correct
Christmas. Bankrupt. Angel.It's a Wonderful Life
57.8%
Leg. Lamp. Ryder.A Christmas Story
56.4%
Brothers. Savant. Gambling.Rain Man
55.1%
Wood. Chipper. Murder.Fargo
54.2%
Iran. Hostages. Movie.Argo
53.6%
Cambodia. Napalm. Surfing.Apocalypse Now
53%
Spaceship. Computer. Emotions.2001: A Space Odyssey
49.2%
Criminals. Mastermind. Limp.The Usual Suspects
44.4%
Newspaper. Sled. Xanadu.Citizen Kane
42.3%
Crop. Duster. Rushmore.North by Northwest
38.6%
Scarefloor. Screams. Energy.Monsters, Inc.
37.8%
Vietnam. Russian. Roulette.The Deer Hunter
36.1%
Detective. Future. Replicants.Blade Runner
34.3%
Mexico. Stinkin'. Badges.Treasure of the Sierra Madre
17.4%
Mobsters. Musicians. Wigs.Some Like It Hot
14.5%

You're not logged in!

Compare scores with friends on all Sporcle quizzes.
OR
Log In

From the Vault

Old Movie Villains

by Pilgab

These are the classic characters that we love to hate.
Remove Ads.
Support Sporcle.
Get the best of Sporcle when you Go Orange. This ad-free experience offers more features, more stats, and more fun while also helping to support Sporcle. Thank you for becoming a member.

Show Comments

Extras

Top Quizzes Today


Score Distribution

Your Account Isn't Verified!

In order to create a playlist on Sporcle, you need to verify the email address you used during registration. Go to your Sporcle Settings to finish the process.

Report this User

Report this user for behavior that violates our Community Guidelines.

Details: